[Event "SVK-ch U16/20 Girls"]
[Site "Liptovsky Mikulas"]
[Date "2019.04.28"]
[Round "7"]
[White "Datelova, Daniela"]
[Black "Bidulska, Lenka"]
[Result "0-1"]
[WhiteElo "1461"]
[BlackElo "1463"]
[PlyCount "48"]
[EventDate "2019.04.23"]
[EventType "swiss"]
[EventRounds "9"]
[EventCountry "SVK"]
[SourceTitle "CBM 190 Extra"]
[Source "ChessBase"]
[SourceDate "2019.07.15"]
[SourceVersion "1"]
[SourceVersionDate "2019.07.15"]
[SourceQuality "1"]

1. c4 e5 2. Nc3 Nf6 3. g3 g6 4. Bg2 Bg7 5. e3 d6 6. Nge2 0-0 7. 0-0 c6 8. d4 Nbd7 9. b3 Nb6 10. Bb2 exd4 11. exd4 Bf5 12. Nf4 Bh6 13. Nce2 d5 14. c5 Nbd7 15. Re1 Re8 16. Bc1 Bg7 17. Nd3 Qa5 18. Bf4 Ne4 19. Bxe4 Bxe4 20. Bd6 Bf3 21. Ndc1 Re6 22. Kf1 Rae8 23. Qd3 Bg4 24. Bf4 Bh3+ 0-1

[Event "SVK-ch U16/U20 Girls"]
[Site "Liptovsky Mikulas"]
[Date "2018.04.21"]
[Round "1"]
[White "Bidulska, Lenka"]
[Black "Tomcikova, Dominika"]
[Result "0-1"]
[WhiteElo "1567"]
[BlackElo "1874"]
[PlyCount "64"]
[EventDate "2018.04.21"]
[EventType "swiss"]
[EventRounds "9"]
[EventCountry "SVK"]
[SourceTitle "CBM 184 Extra"]
[Source "ChessBase"]
[SourceDate "2018.06.28"]
[SourceVersion "1"]
[SourceVersionDate "2018.06.28"]
[SourceQuality "1"]

1. e4 c6 2. Nf3 d5 3. exd5 cxd5 4. d4 Nc6 5. Bb5 a6 6. Ba4 b5 7. Bb3 Bg4 8. c3 Nf6 9. Bf4 e6 10. Nbd2 Bd6 11. Bxd6 Qxd6 12. h3 Bh5 13. 0-0 0-0 14. Re1 b4 15. Nf1 bxc3 16. bxc3 Na5 17. Ng3 Bg6 18. Bc2 Rfc8 19. Bxg6 hxg6 20. Qd3 Qa3 21. Rec1 Nc4 22. Nd2 Rab8 23. Rc2 Rb2 24. Nb3 Rxb3 25. axb3 Qxa1+ 26. Kh2 Nd6 27. c4 dxc4 28. bxc4 Qa4 29. c5 Nb5 30. Rc4 Qa2 31. f3 Nd5 32. Ne2 Qa5 0-1

[Event "SVK-chT U18 final"]
[Site "Banska Bystrica"]
[Date "2017.05.05"]
[Round "1.4"]
[White "Cedzo, Adam"]
[Black "Bidulska, Lenka"]
[Result "1-0"]
[WhiteElo "1632"]
[BlackElo "1409"]
[PlyCount "55"]
[EventDate "2017.05.05"]
[EventType "team-tourn"]
[EventRounds "5"]
[EventCountry "SVK"]
[SourceTitle "CBM 178 Extra"]
[Source "ChessBase"]
[SourceDate "2017.06.22"]
[SourceVersion "1"]
[SourceVersionDate "2017.06.22"]
[SourceQuality "1"]
[WhiteTeam "Zilina Mladost"]
[BlackTeam "Kosice Slavia UPJS"]
[WhiteTeamCountry "SVK"]
[BlackTeamCountry "SVK"]

1. e4 e5 2. Nf3 Nc6 3. Bc4 Bc5 4. d3 d6 5. Bg5 Nge7 6. h3 Be6 7. Bb3 Qd7 8. Nc3 Nd4 9. Nxd4 Bxd4 10. Be3 Bxc3+ 11. bxc3 d5 12. Qh5 Qd6 13. exd5 Bxd5 14. Bxd5 Nxd5 15. Bd2 g6 16. Qg5 f6 17. Qg4 f5 18. Qg3 0-0-0 19. 0-0 Rhe8 20. Rfe1 Nb6 21. Rab1 e4 22. Bf4 Qc6 23. c4 exd3 24. cxd3 Na4 25. Bg5 Nc3 26. Bxd8 Nxb1 27. Rxe8 Qxe8 28. Qxc7# 1-0

[Event "SVK-ch U16/20 Girls"]
[Site "Liptovsky Mikulas"]
[Date "2017.04.25"]
[Round "5"]
[White "Bidulska, Lenka"]
[Black "Trojkova, Michaela"]
[Result "1/2-1/2"]
[WhiteElo "1453"]
[BlackElo "1643"]
[PlyCount "131"]
[EventDate "2017.04.22"]
[EventType "swiss"]
[EventRounds "9"]
[EventCountry "SVK"]
[SourceTitle "CBM 178 Extra"]
[Source "ChessBase"]
[SourceDate "2017.06.22"]
[SourceVersion "1"]
[SourceVersionDate "2017.06.22"]
[SourceQuality "1"]

1. e4 c5 2. Nf3 Nc6 3. Bb5 a6 4. Bxc6 bxc6 5. d3 g6 6. Be3 Bg7 7. Nc3 Rb8 8. Bxc5 Rxb2 9. Bd4 Bxd4 10. Nxd4 Rb8 11. 0-0 e5 12. Nf3 d6 13. h3 Nf6 14. Qd2 h5 15. d4 exd4 16. Qxd4 c5 17. Qa4+ Qd7 18. Qxd7+ Bxd7 19. Rad1 Rb6 20. Rfe1 0-0 21. e5 dxe5 22. Rxe5 Be6 23. Rxc5 Rb2 24. Na4 Rxa2 25. Ra5 Rxc2 26. Rxa6 Ne4 27. Re1 Nxf2 28. Nd4 Rd2 29. Nxe6 fxe6 30. Raxe6 Kg7 31. R6e2 Rxe2 32. Rxe2 Nd3 33. Nc3 Rc8 34. Nd5 Rc1+ 35. Kh2 Rc5 36. Nb6 Nf4 37. Rf2 Nd5 38. Nxd5 Rxd5 39. g4 h4 40. Rc2 Kf6 41. Rf2+ Kg5 42. Kg2 Rd4 43. Rc2 Rf4 44. Rc5+ Kh6 45. Rc2 Rd4 46. Rf2 Kg5 47. Rc2 Kf4 48. Rf2+ Ke4 49. Re2+ Kd5 50. Re8 Re4 51. Rg8 Re6 52. Kf3 Ke5 53. Ke3 Ra6 54. Re8+ Kf6 55. Kf4 Ra4+ 56. Re4 g5+ 57. Kf3 Ra3+ 58. Re3 Rxe3+ 59. Kxe3 Ke5 60. Kf3 Kd4 61. Kf2 Ke4 62. Ke2 Kd4 63. Kd2 Ke4 64. Ke2 Kf4 65. Kf2 Ke4 66. Ke2 1/2-1/2

[Event "SVK-ch U16/20 Girls"]
[Site "Liptovsky Mikulas"]
[Date "2017.04.23"]
[Round "2"]
[White "Bidulska, Lenka"]
[Black "Dudaskova, Katarina"]
[Result "1-0"]
[WhiteElo "1453"]
[BlackElo "1167"]
[PlyCount "127"]
[EventDate "2017.04.22"]
[EventType "swiss"]
[EventRounds "9"]
[EventCountry "SVK"]
[SourceTitle "CBM 178 Extra"]
[Source "ChessBase"]
[SourceDate "2017.06.22"]
[SourceVersion "1"]
[SourceVersionDate "2017.06.22"]
[SourceQuality "1"]

1. d4 d5 2. c4 dxc4 3. e3 Nf6 4. Bxc4 Bf5 5. Nc3 e6 6. Nf3 Bb4 7. Qa4+ Nc6 8. Bd2 0-0 9. Bb5 Bxc3 10. Bxc3 Be4 11. Be2 Qd6 12. h3 Rfe8 13. 0-0 a6 14. Rfd1 Ne7 15. Nd2 Qd5 16. Nxe4 Nxe4 17. Bf3 c6 18. Bb4 Qf5 19. Qc2 Ng5 20. Qxf5 Nxf5 21. Be2 Rad8 22. Ba5 Rd5 23. Bc3 Rdd8 24. b4 Ne4 25. Rac1 Nxc3 26. Rxc3 Nd6 27. f3 Nf5 28. g4 Ne7 29. e4 Ng6 30. Kf2 Nf4 31. h4 Nxe2 32. Kxe2 e5 33. d5 cxd5 34. Rxd5 f6 35. Rc7 Rxd5 36. exd5 Rd8 37. Rxb7 Rxd5 38. Ra7 Rd6 39. a4 h6 40. Ke3 Rb6 41. a5 Rxb4 42. Rxa6 Rb5 43. Ra8+ Kf7 44. Ke4 g5 45. hxg5 hxg5 46. a6 Rb6 47. a7 Ra6 48. Kd5 Ke7 49. Kc5 Ra3 50. Kb6 Rb3+ 51. Kc5 Ra3 52. Kb4 Ra1 53. Kc5 Kd7 54. Kb6 Rb1+ 55. Kc5 Ra1 56. Kd5 Ra5+ 57. Ke4 Ke7 58. Rh8 Ra4+ 59. Kf5 Kf7 60. Rh7+ Kg8 61. Kg6 Ra6 62. Rb7 Kf8 63. Rb8+ Ke7 64. a8Q 1-0

[Event "SVK-ch U16/20 Girls"]
[Site "Liptovsky Mikulas"]
[Date "2017.04.23"]
[Round "3"]
[White "Ganzova, Veronika"]
[Black "Bidulska, Lenka"]
[Result "1-0"]
[WhiteElo "1712"]
[BlackElo "1453"]
[PlyCount "83"]
[EventDate "2017.04.22"]
[EventType "swiss"]
[EventRounds "9"]
[EventCountry "SVK"]
[SourceTitle "CBM 178 Extra"]
[Source "ChessBase"]
[SourceDate "2017.06.22"]
[SourceVersion "1"]
[SourceVersionDate "2017.06.22"]
[SourceQuality "1"]

1. e4 c5 2. Nf3 d6 3. c3 e5 4. d4 cxd4 5. cxd4 Nd7 6. Bc4 Be7 7. Qb3 exd4 8. Bxf7+ Kf8 9. Nxd4 Nc5 10. Qf3 Nf6 11. Bc4 Ncxe4 12. 0-0 Qb6 13. Ne6+ Bxe6 14. Bxe6 Rd8 15. Re1 Nc5 16. Bc4 d5 17. Bf1 Qb4 18. Qe3 Qe4 19. Qc3 Qa4 20. Rxe7 Kxe7 21. Qxc5+ Kf7 22. Nc3 Qc6 23. Qd4 Rhe8 24. Bd2 Ne4 25. Bb5 Nxc3 26. Qf4+ Qf6 27. Bxe8+ Rxe8 28. Qxf6+ Kxf6 29. Bxc3+ Kf7 30. Rd1 Rd8 31. Bd4 a6 32. Rc1 Rd7 33. Kf1 g6 34. Rc3 Re7 35. Rf3+ Ke8 36. Rc3 Re4 37. Bb6 Rb4 38. Rb3 Rc4 39. Ke2 Rc2+ 40. Kd3 Rc6 41. Kd4 Rd6 42. Bc5 1-0

[Event "SVK-ch U16/20 Girls"]
[Site "Liptovsky Mikulas"]
[Date "2017.04.22"]
[Round "1"]
[White "Poliakova, Emma"]
[Black "Bidulska, Lenka"]
[Result "1-0"]
[WhiteElo "1908"]
[BlackElo "1453"]
[PlyCount "31"]
[EventDate "2017.04.22"]
[EventType "swiss"]
[EventRounds "9"]
[EventCountry "SVK"]
[SourceTitle "CBM 178 Extra"]
[Source "ChessBase"]
[SourceDate "2017.06.22"]
[SourceVersion "1"]
[SourceVersionDate "2017.06.22"]
[SourceQuality "1"]

1. e4 e5 2. Nf3 Nc6 3. c3 Nf6 4. d4 exd4 5. e5 Qe7 6. cxd4 Nd5 7. Nc3 Nxc3 8. bxc3 d6 9. Bb5 Bd7 10. 0-0 dxe5 11. Bxc6 Bxc6 12. Nxe5 Qf6 13. Nxc6 Qxc6 14. Re1+ Be7 15. Ba3 Qxc3 16. Bxe7 1-0

[Event "SVK-ch U14 Girls"]
[Site "Liptovsky Mikulas"]
[Date "2016.04.21"]
[Round "7"]
[White "Sankova, Stella"]
[Black "Bidulska, Lenka"]
[Result "1-0"]
[WhiteElo "1785"]
[BlackElo "1115"]
[PlyCount "79"]
[EventDate "2016.04.16"]
[EventType "swiss"]
[EventRounds "9"]
[EventCountry "SVK"]
[SourceTitle "CBM 172 Extra"]
[Source "ChessBase"]
[SourceDate "2016.06.21"]
[SourceVersion "1"]
[SourceVersionDate "2016.06.21"]
[SourceQuality "1"]

1. Nf3 Nf6 2. d4 d5 3. Bf4 Bf5 4. e3 Nc6 5. c4 e6 6. Nc3 Bb4 7. a3 Bxc3+ 8. bxc3 0-0 9. Bg5 h6 10. Bh4 Bg4 11. cxd5 exd5 12. Be2 Re8 13. 0-0 g5 14. Bg3 Ne4 15. Qc2 Nxg3 16. hxg3 Qf6 17. Qb3 Qd6 18. Rab1 Na5 19. Qa2 f6 20. Rb5 b6 21. Bd3 Be6 22. Re1 Rac8 23. Rbb1 c5 24. Rec1 cxd4 25. cxd4 Qd7 26. Ba6 Bf5 27. Bxc8 Rxc8 28. Rxc8+ Qxc8 29. Qxd5+ Be6 30. Qd6 Kf7 31. d5 Bf5 32. Re1 Nc4 33. Qc6 Nxa3 34. Nd4 Qxc6 35. dxc6 Bc8 36. Ra1 Nc4 37. Rxa7+ Ke8 38. Rh7 Kd8 39. Rxh6 b5 40. Nxb5 1-0

[Event "SVK-ch U14 Girls"]
[Site "Liptovsky Mikulas"]
[Date "2016.04.20"]
[Round "6"]
[White "Bidulska, Lenka"]
[Black "Miklasova, Emma"]
[Result "0-1"]
[WhiteElo "1115"]
[BlackElo "1605"]
[PlyCount "96"]
[EventDate "2016.04.16"]
[EventType "swiss"]
[EventRounds "9"]
[EventCountry "SVK"]
[SourceTitle "CBM 172 Extra"]
[Source "ChessBase"]
[SourceDate "2016.06.21"]
[SourceVersion "1"]
[SourceVersionDate "2016.06.21"]
[SourceQuality "1"]

1. e4 e5 2. Nf3 Nc6 3. Bb5 Nf6 4. Nc3 Bb4 5. 0-0 0-0 6. h3 d6 7. d3 Ne7 8. Bg5 Be6 9. Bxf6 gxf6 10. d4 c6 11. Bd3 Bxc3 12. bxc3 Ng6 13. d5 Bd7 14. Rb1 Qc8 15. dxc6 bxc6 16. Ne1 Nf4 17. Qf3 Kh8 18. Kh2 Rg8 19. Rg1 Rg6 20. Bc4 Rh6 21. Rh1 Bxh3 22. Kg1 Qg8 23. Rh2 Qg6 24. Kh1 Rg8 25. g3 Bg4 26. Qe3 Rxh2+ 27. Kxh2 Qh6+ 28. Kg1 Nh3+ 29. Kg2 Qxe3 30. fxe3 Ng5 31. Rb7 Kg7 32. Rxa7 Rb8 33. Ra6 Rb1 34. Kf1 Bh3+ 35. Kf2 Nxe4+ 36. Kf3 Nd2+ 37. Ke2 Nxc4 38. Rxc6 Nxe3 39. Kxe3 Rxe1+ 40. Kd2 Ra1 41. Rxd6 Rxa2 42. c4 Ra3 43. c3 Ra2+ 44. Ke3 Rc2 45. Kd3 Bf5+ 46. Ke3 Rxc3+ 47. Kf2 Rxc4 48. Rd3 Bxd3 0-1

[Event "SVK-ch U14 Girls"]
[Site "Liptovsky Mikulas"]
[Date "2016.04.19"]
[Round "5"]
[White "Stolarova, Ivana"]
[Black "Bidulska, Lenka"]
[Result "1/2-1/2"]
[WhiteElo "1082"]
[BlackElo "1115"]
[PlyCount "88"]
[EventDate "2016.04.16"]
[EventType "swiss"]
[EventRounds "9"]
[EventCountry "SVK"]
[SourceTitle "CBM 172 Extra"]
[Source "ChessBase"]
[SourceDate "2016.06.21"]
[SourceVersion "1"]
[SourceVersionDate "2016.06.21"]
[SourceQuality "1"]

1. e4 e5 2. Nf3 Nc6 3. Bc4 Nf6 4. Nc3 Bc5 5. 0-0 0-0 6. d3 d6 7. h3 h6 8. Be3 Bxe3 9. fxe3 Qe7 10. Qe1 Be6 11. Bxe6 Qxe6 12. d4 d5 13. exd5 Nxd5 14. Nxd5 Qxd5 15. dxe5 Nxe5 16. Nxe5 Qxe5 17. c3 Rfe8 18. Rf3 Rad8 19. Rd1 Rxd1 20. Qxd1 Qc5 21. Qd3 b5 22. b4 Qb6 23. Kh1 c5 24. a3 Rd8 25. Qf5 Rd1+ 26. Rf1 Rxf1+ 27. Qxf1 cxb4 28. cxb4 Qxe3 29. Qxb5 Qxa3 30. Qe8+ Kh7 31. Qxf7 Qxb4 32. Qxa7 Qe1+ 33. Qg1 Qxg1+ 34. Kxg1 Kg6 35. Kf2 Kh5 36. g4+ Kh4 37. Kg2 h5 38. gxh5 Kxh5 39. Kg3 Kg5 40. h4+ Kf5 41. Kf3 Kg6 42. Kg4 Kh6 43. h5 g6 44. hxg6 Kxg6 1/2-1/2

[Event "SVK-ch U14 Girls"]
[Site "Liptovsky Mikulas"]
[Date "2016.04.18"]
[Round "4"]
[White "Bidulska, Lenka"]
[Black "Ferkova, Dominika"]
[Result "0-1"]
[WhiteElo "1115"]
[BlackElo "1946"]
[PlyCount "36"]
[EventDate "2016.04.16"]
[EventType "swiss"]
[EventRounds "9"]
[EventCountry "SVK"]
[SourceTitle "CBM 172 Extra"]
[Source "ChessBase"]
[SourceDate "2016.06.21"]
[SourceVersion "1"]
[SourceVersionDate "2016.06.21"]
[SourceQuality "1"]

1. e4 c6 2. Nf3 d5 3. exd5 cxd5 4. d4 Nc6 5. Nc3 Nf6 6. Bb5 Bd7 7. 0-0 e6 8. Bg5 Be7 9. Re1 0-0 10. Ne5 Nxe5 11. dxe5 Ne8 12. Bxe7 Qxe7 13. Bxd7 Qxd7 14. Ne2 Nc7 15. c4 Rfd8 16. Qd3 dxc4 17. Qxc4 Rac8 18. Red1 Qxd1+ 0-1

[Event "SVK-ch U14 Girls"]
[Site "Liptovsky Mikulas"]
[Date "2016.04.18"]
[Round "3"]
[White "Dudaskova, Katarina"]
[Black "Bidulska, Lenka"]
[Result "0-1"]
[WhiteElo "1262"]
[BlackElo "1115"]
[PlyCount "74"]
[EventDate "2016.04.16"]
[EventType "swiss"]
[EventRounds "9"]
[EventCountry "SVK"]
[SourceTitle "CBM 172 Extra"]
[Source "ChessBase"]
[SourceDate "2016.06.21"]
[SourceVersion "1"]
[SourceVersionDate "2016.06.21"]
[SourceQuality "1"]

1. e4 e5 2. Nf3 Nc6 3. Bc4 Nf6 4. d3 Bc5 5. Bg5 h6 6. Bh4 d6 7. h3 Qe7 8. Nc3 Be6 9. 0-0 g5 10. Bg3 g4 11. Nh2 gxh3 12. Bxe6 Qxe6 13. Qf3 Nd4 14. Qd1 hxg2 15. Kxg2 Rg8 16. Nf3 Qg4 17. Nxd4 Bxd4 18. Qxg4 Nxg4 19. Kh3 c6 20. Nd1 Ke7 21. c3 Bb6 22. Rc1 Raf8 23. Rc2 f5 24. f3 Ne3 25. Nxe3 Bxe3 26. Re2 f4 27. Bf2 Bxf2 28. Rfxf2 Rg3+ 29. Kh2 Ke6 30. Rg2 Rxf3 31. Rg6+ Rf6 32. Rg8 Rxd3 33. Reg2 d5 34. exd5+ Kxd5 35. Re2 f3 36. Rd8+ Rd6 37. Re8 fxe2 0-1